Normal view
MARC view
Entry Corporate Name
001 - CONTROL NUMBER
- control field: 240708
003 - CONTROL NUMBER IDENTIFIER
- control field: OSt
005 - DATE AND TIME OF LATEST TRANSACTION
- control field: 20220925172141.0
008 - FIXED-LENGTH DATA ELEMENTS
- fixed length control field: 220925|| aca||aabn | a|a d
040 ## - CATALOGING SOURCE
- Original cataloging agency: OSt
- Transcribing agency: OSt
110 ## - HEADING--CORPORATE NAME
- Corporate name or jurisdiction name as entry element: CENTURY SPINNING AND MANUFACTURING COMPANY LTD
670 ## - SOURCE DATA FOUND
- Source citation: Work cat.: (OSt)484338: CENTURY SPINNING AND MANUFACTURING COMPANY LTD, Annual report and accounts year 1983., 1985
